00341nam a2200157Ia 4500001000500000005001700005008004100022041000800063082001700071100001900088245002900107260000900136300002200145650000800167654000800175332420260306145635.0260306t2003||||xx |||||||||||||| ||spa|| aESP a270.092bB18 aBall, AnneAUT 0aSantos de nuestro tiempo c2003 apágs. :c19 cm. aGEN aCHU